Recuerdos de antaño y otros relatos (Record no. 717)

000 -CABECERA
fixed length control field 00886nam a22002417a 4500
003 - IDENTIFICADOR DEL NÚMERO DE CONTROL
control field AR-CdUCM
008 - DATOS DE LONGITUD FIJA--INFORMACIÓN GENERAL
fixed length control field 190225b ||||| |||| 00| 0 spa d
040 ## - FUENTE DE LA CATALOGACIÓN
Agencia/entidad que catalogó originalmente la obra MUNICIPALIDAD PROVINCIAL DEL CUSCO
Entidad que transcribió la catalogación BIBLIOTECA MUNICIPAL DEL CUSCO
082 ## - NÚMERO DE LA CLASIFICACIÓN DECIMAL DEWEY
No. de Clasificación 985.61 /
Notacion interna AG284
100 ## - ENTRADA PRINCIPAL--NOMBRE DE PERSONA
Nombre Personal Aguirre Villalobos, Jorge
110 ## - ENTRADA PRINCIPAL--NOMBRE DE ENTIDAD CORPORATIVA
Nombre de la institución, jurisdicción como entrada principal Convento de Santo Domingo - Qorikancha
9 (RLIN) 2762
245 ## - MENCIÓN DE TÍTULO
Título Recuerdos de antaño y otros relatos
Resto del título Cusco, primera mitad del siglo XX
260 ## - PUBLICACIÓN, DISTRIBUCIÓN, ETC.
Lugar de publicación, distribución, etc. Cusco - Perú :
Nombre de la editorial, distribuidor, etc. OREJONES Arte y Punto ;
Fecha de publicación, distribución, etc. 2007.
300 ## - DESCRIPCIÓN FÍSICA
Nº de Páginas Extensión 223 páginas
Dimensiones 20cm
505 ## - NOTA DE CONTENIDO CON FORMATO
Nota de contenido formateada Corpus cusqueño -- Carnaval cusqueño -- El baratillo y otras costumbres -- Almas en pena -- Cruz Velacuy
650 ## - PUNTO DE ACCESO ADICIONAL DE MATERIA--TÉRMINO DE MATERIA
Descriptor costumbres
9 (RLIN) 230
650 ## - PUNTO DE ACCESO ADICIONAL DE MATERIA--TÉRMINO DE MATERIA
Descriptor cultura cusqueña
9 (RLIN) 2763
650 ## - PUNTO DE ACCESO ADICIONAL DE MATERIA--TÉRMINO DE MATERIA
Descriptor relatos
9 (RLIN) 195
650 ## - PUNTO DE ACCESO ADICIONAL DE MATERIA--TÉRMINO DE MATERIA
Descriptor religiosidad
9 (RLIN) 2764
650 ## - PUNTO DE ACCESO ADICIONAL DE MATERIA--TÉRMINO DE MATERIA
Descriptor Cusco
9 (RLIN) 772
942 ## - ELEMENTOS DE PUNTO DE ACCESO ADICIONAL (KOHA)
Fuente de clasificación
Tipo de item Libros-BMC
945 ## - PROCESAMIENTO DE INFORMACIÓN LOCAL (OCLC)
Catalogador nom
AAAA-MM-DD - Fecha de ingreso o modificacion 2019-02-25
Holdings
Estado de retiro (separado) Fuente de clasificación o esquema de estanterías Estado dañado Ubicación Sala donde se ubica Nombre de la colección Fecha de adquisición o compra Costo, precio normal en soles Signatura topográfica Código de Barras Última vez visto (Koha) Tipo de ítem (Koha)
No     Sala Humanidades Sala Humanidades Book Cart 2019-02-25 8.00 985.61 / AG284 SH0000000873 2019-02-25 Libros-BMC

Powered by Koha